| 000 | 00487nam a22001577a 4500 | ||
|---|---|---|---|
| 008 | 130821s1935 fr gr fre | ||
| 040 |
_aCo-BoUCM _bspa |
||
| 041 | 0 | 0 | _afre |
| 100 | 1 |
_aValéry, Paul _d1871-1945 _9109854 |
|
| 245 | 1 | 0 |
_aDiscours _cPaul Valery |
| 260 |
_aParís (Francia) _bEditions de la N. R. F. _c1935 |
||
| 300 | _a184 páginas | ||
| 650 | 0 | 4 |
_aDiscursos franceses _913355 |
| 942 |
_cLIBRO _a18 _e1 _mV15 _n0 _2DEWEY _h845.912 |
||
| 999 |
_c87784 _d87784 |
||